ਅਜਨਬੀ ਚਿਰਹੇ / (Record no. 109834)

MARC details
000 -LEADER
fixed length control field 00908nam a22002537a 4500
005 - DATE AND TIME OF LATEST TRANSACTION
control field 20170123164143.0
010 ## - LIBRARY OF CONGRESS CONTROL NUMBER
LC control number B-109587
020 ## - INTERNATIONAL STANDARD BOOK NUMBER
Terms of availability 120.00
035 ## - SYSTEM CONTROL NUMBER
System control number B-109587
037 ## - SOURCE OF ACQUISITION
Source of stock number/acquisition Cen Lib / Ret
040 ## - CATALOGING SOURCE
Original cataloging agency DPL
Language of cataloging PN
082 ## - DEWEY DECIMAL CLASSIFICATION NUMBER
Classification number
Item number ਧੀਰਦ
100 ## - MAIN ENTRY--PERSONAL NAME
Personal name ਧੀਰ, ਦਰਸ਼ਨ ਸਿੰਘ
9 (RLIN) 2170
245 ## - TITLE STATEMENT
Title ਅਜਨਬੀ ਚਿਰਹੇ /
Statement of responsibility, etc ਦਰਸ਼ਨ ਸਿੰਘ ਧੀਰ
246 ## - VARYING FORM OF TITLE
Title proper/short title Ajnabi chehrey /
Remainder of title by Darshan SIngh Dhir
260 ## - PUBLICATION, DISTRIBUTION, ETC. (IMPRINT)
Place of publication, distribution, etc ਚੰਡੀਗਡ
Name of publisher, distributor, etc ਲੋਕਗੀਤ ਪ੍ਰਕਾਸ਼ਨ
Date of publication, distribution, etc 2003
270 ## - ADDRESS
Address SCO 26-27, Top Floor Sector 34A,
City Chandigarh
Postal code 375710
300 ## - PHYSICAL DESCRIPTION
Extent 320p.
Dimensions 21cm(Hb)
650 ## - SUBJECT ADDED ENTRY--TOPICAL TERM
Topical term or geographic name as entry element ਸਾਹਿਤ -- ਪੰਜਾਬੀ
9 (RLIN) 119843
650 ## - SUBJECT ADDED ENTRY--TOPICAL TERM
Topical term or geographic name as entry element ਪੰਜਾਬੀ -- ਨਾਵਲ
9 (RLIN) 119844
650 ## - SUBJECT ADDED ENTRY--TOPICAL TERM
Topical term or geographic name as entry element Literature -- Punjabi
9 (RLIN) 114104
650 ## - SUBJECT ADDED ENTRY--TOPICAL TERM
Topical term or geographic name as entry element Punjabi -- Novel
9 (RLIN) 6285
942 ## - ADDED ENTRY ELEMENTS (KOHA)
Source of classification or shelving scheme Dewey Decimal Classification
Koha item type Punjabi Bks
Classification part
Call number suffix ਧੀਰਦ
Holdings
Withdrawn status Lost status Source of classification or shelving scheme Damaged status Not for loan Home library Current library Date acquired Source of acquisition Cost, normal purchase price Total Checkouts Full call number Barcode Date last seen Copy number Cost, replacement price Price effective from Koha item type
    Dewey Decimal Classification     Patel Nagar Patel Nagar 08/01/2016 Cen Lib/Ret 120.00   ਓ ਧੀਰਦ B-109588 08/01/2016 1 120.00 08/01/2016 Punjabi Bks

© Delhi Public Library
Hit Counter
free hit counter